| 000 | 00803nam a2200253Ia 4500 | ||
|---|---|---|---|
| 003 | OSt | ||
| 005 | 20220918171446.0 | ||
| 006 | a|||||r|||| 00| 0 | ||
| 007 | ta | ||
| 008 | 220917b |||||||| |||| 00| 0 eng d | ||
| 020 |
_a9781788311151 (pbk) _cUKP 25.00 |
||
| 024 | _a348,859 | ||
| 037 |
_b1723, 18/03/2019, Bright Book Service _cTextual |
||
| 040 |
_aARTS _cARTS _beng |
||
| 041 |
_2eng _aeng |
||
| 082 | _aV45.1.M5, P5 | ||
| 100 |
_aMartin Vanessa Au. _936731 |
||
| 245 | 0 |
_aQajar pact _b bargaining, protest and the state in nineteenth-centuy persia |
|
| 260 |
_aLondon _bI B Tauris UK _c2005 |
||
| 300 |
_a214p. _ccm. |
||
| 650 | _aIRAN - HISTORY | ||
| 942 |
_hV45.1.M5, P5 _cTEXL _2CC |
||
| 999 |
_c139658 _d139658 |
||